ফরাসী সাহিত্যের ইতিহাস (Record no. 65155)
[ view plain ]
| 000 -LEADER | |
|---|---|
| fixed length control field | 01038nam a2200241 a 4500 |
| 001 - CONTROL NUMBER | |
| control field | 65155 |
| 003 - CONTROL NUMBER IDENTIFIER | |
| rucl marc code | BD-RjUL |
| 005 - DATE AND TIME OF LATEST TRANSACTION | |
| control field | 20211209081407.0 |
| 008 - FIXED-LENGTH DATA ELEMENTS--GENERAL INFORMATION | |
| fixed length control field | 170228s1992 bg a|||| |||| 00| 0 ben d |
| 035 ## - SYSTEM CONTROL NUMBER | |
| System control number | (BD-RjUL)65285 |
| 040 ## - CATALOGING SOURCE | |
| Original cataloging agency | BD-RjUL |
| Language of cataloging | ben |
| Transcribing agency | BD-RjUL |
| Modifying agency | BD-RjUL |
| 041 ## - LANGUAGE CODE | |
| Language code of text/sound track or separate title | ben |
| 082 ## - DEWEY DECIMAL CLASSIFICATION NUMBER | |
| Edition number | 23 |
| Classification number | 840.9 |
| Author mark and year | CHF 1992 |
| 100 ## - MAIN ENTRY--PERSONAL NAME | |
| Personal name | চক্রবর্ত্তী, গুরুপদ |
| 9 (RLIN) | 173181 |
| 245 ## - TITLE STATEMENT | |
| Title | ফরাসী সাহিত্যের ইতিহাস |
| Remainder of title | =L'histoire de la litterature francaise -tome 1 / |
| Statement of responsibility, etc. | গুরুপদ চক্রবর্ত্তী |
| 250 ## - EDITION STATEMENT | |
| Edition statement | ১ম সংস্করন. |
| 260 ## - PUBLICATION, DISTRIBUTION, ETC. (IMPRINT) | |
| Place of publication, distribution, etc. | চট্রগ্রাম : |
| Name of publisher, distributor, etc. | আলিয়স ফ্রঁপেজ, |
| Date of publication, distribution, etc. | ১৯৯২ |
| 300 ## - PHYSICAL DESCRIPTION | |
| Pagination | ১০৩ পৃ. : |
| Illustrations | চিত্র. ; |
| Size | ২২ সেমি. |
| 505 0# - FORMATTED CONTENTS NOTE | |
| Formatted contents note | খন্ড. ১. -- |
| 650 ## - SUBJECT ADDED ENTRY--TOPICAL TERM | |
| Topical term or geographic name as entry element | ফরাসি সাহিত্য |
| 9 (RLIN) | 170454 |
| Form subdivision | ইতিহাস ও সমালোচনা |
| Topical term or geographic name as entry element | French literature |
| 9 (RLIN) | 192971 |
| Form subdivision | History and criticism |
| 942 ## - ADDED ENTRY ELEMENTS (KOHA) | |
| Source of classification or shelving scheme | Dewey Decimal Classification |
| Koha item type | Books |
| Lost status | Source of classification or shelving scheme | Damaged status | Not for loan | Collection code | Permanent Location | Current Location | Shelving location | Date acquired | Source of acquisition | Total Checkouts | Full call number | Date last seen | Copy number | Koha item type |
|---|---|---|---|---|---|---|---|---|---|---|---|---|---|---|
| Dewey Decimal Classification | Not For Loan | Non-fiction | Central Library, University of Rajshahi | Central Library, University of Rajshahi | Reading Room | 23/02/1993 | Author | B 840.9 CHF V-1 1992 | 28/02/2017 | C-1 | Books |